| 000 | 00906nam a2200277Ia 4500 | ||
|---|---|---|---|
| 003 | OSt | ||
| 005 | 20221005061055.0 | ||
| 006 | a|||||r|||| 00| 0 | ||
| 007 | ta | ||
| 008 | 221004b |||||||| |||| 00| 0 eng d | ||
| 020 |
_a9780415607209 (hbk) _c7505.5 |
||
| 024 | _a122985 | ||
| 037 |
_b35556, 16/08/2012, Segment Book Distributors _cTextual |
||
| 040 |
_aCRL _cCRL _beng |
||
| 041 |
_2eng _aeng |
||
| 082 | _aY:45:5, Q2 | ||
| 100 |
_aPoynting Scott Ed. _9600184 |
||
| 245 | 0 |
_aCounter terrorism and state political violence _b War on terror as terror |
|
| 260 |
_aLondon _bRoutledge UK _c2012 |
||
| 300 |
_ax,252p. _ccm. |
||
| 490 | _aCritical terrorism studies | ||
| 650 | _aSOCIOLOGY | ||
| 700 |
_a Whyte David Ed. _9600185 |
||
| 942 |
_hY:45:5, Q2 _cTEXL _2cc |
||
| 999 |
_c967673 _d967673 |
||